000 01024cpcaa2200289 a 4500
001 mm 79001780
003 DLC
005 20260227111638.0
008 791120|||||||||||| eng
010 _amm 79001780
040 _aDLC
_edacs
_cDLC
_dDLC
072 7 _aL
_2lcmd
100 1 _aSmith, Robert,
_dactive 1831-1850.
245 0 0 _aBiographical material on Robert Smith,
_f1935.
300 _a1
_fitem.
506 0 _aOpen to research.
520 8 _aNotes compiled by Norma L. Stoner from various sources on the life of Universalist clergyman Robert Smith.
533 _aTypewritten transcript.
_b[S.l.].
545 0 _aClergyman.
546 _aCollection material in English.
580 _aForms part of: Miscellaneous Manuscripts collection.
600 1 0 _aStoner, Norma L.
650 0 _aUniversalists.
656 7 _aClergy.
_2itoamc
999 _c40933
_d40933